Efficacy of garlon 250 in the control of lianas in a dipterocarp forest

Bibliographic Details
Main Author: Andrew Garcia De Chavez
Format: Book
Published: Serdang, Selangor : Universiti Pertanian Malaysia , 1987
Subjects:

MARC

LEADER 00000cam a2200000 7i4500
001 0000003898
005 20110819.0
090 0 0 |a R THE 634.97   |b ANDR 1987 
100 0 0 |a Andrew Garcia De Chavez 
245 0 0 |a Efficacy of garlon 250 in the control of lianas in a dipterocarp forest   |c Andrew Garcia De Chavez 
260 0 0 |a Serdang, Selangor :   |b Universiti Pertanian Malaysia ,   |c 1987 
300 |a xii, 56 p. :   |b .ill (col.) ;   |c 30 cm. 
500 0 0 |a Bibliography p.48-50 
500 0 0 |a Thesis: Bac. of Science (Forestry), Universiti Pertanian Malaysia (1987) 
650 0 0 |a Lianas 
998 |a JPSM 
999 |a 005600   |b Thesis   |c Reference   |e Default branch